00753nam a2200193 i 450000100060000000300090000600500170001500700030003200800410003510000360007624501000011226000340021230000220024649000560026883000640032485200320038899900170042095201220043796139ES-MaACL20230906181843.0t|050610s1965 sp ||||1| spa d1 aMadrenys Caballe, Pedro.97534413aLa impericia y la enfermedad como causas de remoción del párroco /cPedro Madrenys Caballe. aPamplona : bCometip, c1965. a178 p. ; c22 cm.1 aColección canónica de la Universidad de Navarra0 aColección canónica de la Universidad de Navarra9183297 aES-MaACLjC-28877 bR.58416 c96139d96139 00104070aATENEOMbATENEOMcDEPO2d2008-01-17eSCl0oC-28877p1100377r2023-02-23 00:00:00w2023-02-23yMONOGRAFIA